Sports Quiz

Random Sports or Tennis Quiz

Old Top 10 Players (Tennis) Quiz Stats

 Plays Quiz not verified by Sporcle

Score 0/30 Timer 07:00
0 Plays Today
Age Player % Correct
34y 4m 23dRoger Federer
98.2%
30y 6m 28dRafael Nadal
93.8%
35y 8m 2dAndre Agassi
92.1%
36y 3m 29dJimmy Connors
91.1%
29y 7m 16dAndy Murray
89.1%
29y 7m 9dNovak Djokovic
89%
30y 4m 19dPete Sampras
84.9%
37y 4m 22dRod Laver
83.7%
30y 10m 15dJohn McEnroe
82.1%
32y 9m 24dIvan Lendl
77.4%
29y 2m 29dBoris Becker
75.7%
33y 8m 29dDavid Ferrer
75%
31y 9m 3dStanislas Wawrinka
74.7%
36y 5m 21dArthur Ashe
71.9%
41y 1m 29dKen Rosewall
67%
Age Player % Correct
30y 7m 8dJohn Newcombe
66%
30y 8m 14dJo-Wilfried Tsonga
59.8%
31y 5m 12dIlie Năstase
58.8%
31y 3m 14dTomáš Berdych
58.4%
30y 4m 14dGuillermo Vilas
57.3%
30y 3m 30dGaël Monfils
51.8%
29y 6m 13dRichard Gasquet
48.3%
30y 2m 29dThomas Muster
37.8%
30y 3m 25dTim Henman
36.1%
29y 5m 23dTodd Martin
34.1%
30y 10m 4dAndrés Gómez
29.3%
30y 0m 22dMardy Fish
25.9%
30y 10m 9dTom Okker
17.5%
29y 4m 22dBrad Gilbert
14.7%
30y 9m 30dJosé Higueras
7.4%

You're not logged in!

Compare scores with friends on all Sporcle quizzes.
OR
Log In

Sporcle TV

Today on Sporcle TV


Watch our educational content, quiz creation guides, and fun videos on Sporcle TV.

Show Comments

Extras

Top Quizzes Today


Score Distribution

Your Account Isn't Verified!

In order to create a playlist on Sporcle, you need to verify the email address you used during registration. Go to your Sporcle Settings to finish the process.

Report this User

Report this user for behavior that violates our Community Guidelines.

Details: